Library Banner

Reengineering management : (Record no. 129334)

MARC details
000 -LEADER
fixed length control field 00481nam a2200181Ia 4500
001 - CONTROL NUMBER
control field 2883
005 - DATE AND TIME OF LATEST TRANSACTION
control field 20221027105852.0
008 - FIXED-LENGTH DATA ELEMENTS--GENERAL INFORMATION
fixed length control field 140314s9999 xx 000 0 und d
020 ## - INTERNATIONAL STANDARD BOOK NUMBER
International Standard Book Number 0887306985
040 ## - CATALOGING SOURCE
Transcribing agency PK-LaUMT
082 ## - DEWEY DECIMAL CLASSIFICATION NUMBER
Classification number 658.409
Item number CHA-R
100 ## - MAIN ENTRY--PERSONAL NAME
Personal name Champy, James
245 ## - TITLE STATEMENT
Title Reengineering management :
Remainder of title the manadate for new leadership /
Statement of responsibility, etc by James Champy
260 ## - PUBLICATION, DISTRIBUTION, ETC. (IMPRINT)
Place of publication, distribution, etc Berkshire,UK:
Name of publisher, distributor, etc Peter Honey,
Date of publication, distribution, etc 1995
300 ## - PHYSICAL DESCRIPTION
Extent 212 p.
546 ## - LANGUAGE NOTE
Language note EN
942 ## - ADDED ENTRY ELEMENTS (KOHA)
Koha item type Stocktaking Record 2001
Holdings
Withdrawn status Lost status Damaged status Home library Current library Date acquired Full call number Barcode Date last seen Price effective from Koha item type
      UMT Main Campus UMT Main Campus 2022-10-27 658.409 CHA-R 3376 2022-10-27 2022-10-27 Stocktaking Record 2001